| 000 -LEADER |
| fixed length control field |
00763cam a2200193 a 4500 |
| 020 ## - INTERNATIONAL STANDARD BOOK NUMBER |
| ISBN |
9283322126 |
| 040 ## - CATALOGING SOURCE |
| Transcribing agency |
WAD |
| 082 04 - DEWEY DECIMAL CLASSIFICATION NUMBER |
| Classification number |
634 ASI 1997 A041 Or. |
| 245 10 - TITLE STATEMENT |
| Title |
Export potentials of tropical agricultural products in Asia and the Pacific : |
| Remainder of title |
report of an APO Study Meeting, 31 July - 5 August 1996, Bali, Indonesia. |
| 260 ## - PUBLICATION, DISTRIBUTION, ETC. (IMPRINT) |
| Place of publication |
Tokyo : |
| Name of publisher |
Asian Productivity Organization, |
| Year of publication |
1997. |
| 300 ## - PHYSICAL DESCRIPTION |
| Number of Pages |
243 p. : |
| Other physical details |
ill. ; |
| Dimensions |
26 cm. |
| 500 ## - GENERAL NOTE |
| General note |
"Report of an APO Study Meeting on Export Potentials of Tropical Agricultural Products held in Bali from 31 July to 5 August 1996."--T.p. verso. |
| 650 #0 - SUBJECT ADDED ENTRY--TOPICAL TERM |
| Topical Term |
Fruit trade |
| 650 #0 - SUBJECT ADDED ENTRY--TOPICAL TERM |
| Topical Term |
Fruit trade |
| 650 #0 - SUBJECT ADDED ENTRY--TOPICAL TERM |
| Topical Term |
Tropical fruit |
| 650 #0 - SUBJECT ADDED ENTRY--TOPICAL TERM |
| Topical Term |
Tropical fruit |
| 710 2# - ADDED ENTRY--CORPORATE NAME |
| Corporate name or jurisdiction name as entry element |
Asian Productivity Organization. |
| 942 ## - ADDED ENTRY ELEMENTS (KOHA) |
| Koha item type |
សៀវភៅភាសាអង់គ្លេស |
| 952 ## - LOCATION AND ITEM INFORMATION (KOHA) |
| Withdrawn status [LOCAL, KOHA] |
0 |